[Event "Rome Steinitz op 1st"]
[Site "Rome"]
[Date "2002.07.07"]
[Round "4"]
[White "Vittimberga, Valeria"]
[Black "Rotondi, Silverio"]
[Result "0-1"]
[WhiteElo "1482"]
[BlackElo "1600"]
[PlyCount "140"]
[EventDate "2002.07.05"]
[EventType "swiss"]
[EventRounds "5"]
[EventCountry "ITA"]
[SourceTitle "EXT 2007"]
[Source "ChessBase"]
[SourceDate "2006.11.23"]
[SourceVersion "1"]
[SourceVersionDate "2006.11.23"]
[SourceQuality "1"]

1. e4 e5 2. Nf3 Nc6 3. Bb5 a6 4. Ba4 Nf6 5. 0-0 Be7 6. Re1 b5 7. Bb3 0-0 8. d4 d6 9. h3 Nxd4 10. Nxd4 exd4 11. Qxd4 c5 12. Qd3 c4 13. Bxc4 bxc4 14. Qxc4 d5 15. exd5 Qxd5 16. Qxd5 Nxd5 17. c4 Bb4 18. Re5 Nf6 19. a3 Bd6 20. Re2 Be6 21. b3 Rab8 22. Nd2 Bf4 23. b4 Bxd2 24. Bxd2 Bxc4 25. Re7 Rfe8 26. Rc7 Rbc8 27. Ra7 Rcd8 28. Be3 Rd7 29. Rxd7 Nxd7 30. Rc1 Bb5 31. Ra1 Ba4 32. Rc1 Nf6 33. Rc5 Bb5 34. Rg5 h6 35. Rg3 Kh7 36. Rf3 Rd8 37. Bc5 Rd3 38. Rxd3 Bxd3 39. f3 Nd5 40. Bd4 Nc7 41. a4 Bc2 42. a5 Ba4 43. Kf2 Nd5 44. Bc5 Bb5 45. g3 Kg6 46. f4 Kf5 47. Kf3 Ke6 48. g4 f5 49. Bf8 Kf7 50. Bc5 g6 51. gxf5 gxf5 52. Kg3 Ke6 53. Kf3 Bc6 54. Kg3 h5 55. Bf8 Ba4 56. Bc5 Kd7 57. Bf8 Kc6 58. Kh4 Nxf4 59. Bh6 Nd5 60. Kxh5 Nxb4 61. Kg6 Bc2 62. Bf4 Nd5 63. Kg5 Nxf4 64. Kxf4 Kb5 65. h4 Bd1 66. Kxf5 Kxa5 67. Ke4 Kb4 68. Kd3 Kb3 69. Kd2 Bc2 70. Kc1 a5 0-1